Cómo leer novelas /
Đã lưu trong:
| Tác giả chính: | |
|---|---|
| Định dạng: | Không biết |
| Ngôn ngữ: | Spanish |
| Được phát hành: |
San José, Costa Rica:
Nueva Década,
1986.
|
| Những chủ đề: | |
| Các nhãn: |
Thêm thẻ
Không có thẻ, Là người đầu tiên thẻ bản ghi này!
|
MARC
| LEADER | 000000000a22000000004500 | ||
|---|---|---|---|
| 001 | 000623 | ||
| 008 | 160916s1986 cr |||||r|||| 00| 0 spa d | ||
| 020 | |a 9977942204 | ||
| 041 | 0 | |a español | |
| 082 | |a 809.95 |b V812c | ||
| 100 | 1 | |a Víquez Guzman, Benedicto | |
| 245 | 1 | 0 | |a Cómo leer novelas / |c Benedicto Víquez Guzman |
| 260 | |a San José, Costa Rica: |b Nueva Década, |c 1986. | ||
| 300 | |a 160 páginas | ||
| 500 | |a Número de inscripción 00539 | ||
| 650 | 4 | |a NOVELA |x HISTORIA Y CRITICA | |
| 650 | 1 | 4 | |a LITERATURA COSTARRICENSE |x NOVELA |9 13 |
| 942 | |2 ddc |c BK | ||
| 999 | |c 1413 |d 1413 | ||
